000 00861aam a2200313 i 4500
001 768714001
003 CO-MdFUSB
005 20250506084736.0
007 ta
008 250506t1997 -us |||| |||| 00| 0 spa d
020 _a0-311-46142-5
040 _cCO-MdFUSB
041 0 _aspa
082 0 4 _223
_a241.21
_bG4721c
100 1 _aGiles, Jaime E.
_eautor
245 1 0 _aBases bíblicas de la ética
_c/ James E. Giles
250 _atercera edición actualizada y ampliada
264 1 _bCasa Bautista de Publicaciones,
_aEl Paso, TX., USA :
_c[1997]
264 4 _c©1997
300 _a347 páginas
336 _atexto
_btxt
_2rdacontent
337 _2rdamedia
_asin mediación
_bn
338 _2rdacarrier
_avolumen
_bnc
563 _aRústico
650 7 _aÉtica cristiana
_9185
650 0 _aVida cristiana
_919
942 _cBK
945 _aJTF-925
999 _c32518
_d32518